Защита на личните данни - мисия възможна (Запис номер 327890)
[ съкратено ]
| 000 -Лидер | |
|---|---|
| Контролно поле с фиксирана дължина | nam a22 a 4500 |
| 003 - Код на организацията, давaща контролен номер | |
| Контролно поле | BLK |
| 005 - Дата и час на последна редакция | |
| Контролно поле | 20221208030923.0 |
| 008 - Елементи от данни с фиксирана дължина | |
| fixed length control field | 181214b bu |||fr|||| 00| 0 bu d |
| 020 ## - Международен стандартен номер на книга ISBN | |
| Международен стандартен номер на книга ISBN | 9786197236255 |
| 040 ## - Източник на каталожния запис | |
| Идентификатор на билиотеката - собственик на записа | BLK |
| 041 ## - Код за език | |
| Код за езика на текст/звукозапис или на отделно заглавие | Български |
| Код за езика КДБФ | Български |
| 080 ## - УДК | |
| Текстов определител УДК | Защита срещу хакери |
| УДК код - определител по УДК | 681.324.07 |
| УДК определител | (035) |
| УДК - код + определител | 681.324.07(035) |
| 100 ## - Редна дума - Автор | |
| R(LIN) | 278763 |
| Автор | Кръстева, Десислава |
| Авторска отговорност | първи автор |
| 139 ## - Редно поле | |
| Редна дума | Кръстева, Десислава |
| Авторски знак | Кръ - К 92 |
| 245 ## - Сведения за заглавието | |
| Заглавие | Защита на личните данни - мисия възможна |
| Подзаглавни данни | Наръчник |
| Редно поле (дума) | Десислава Кръстева, Андрей Александров |
| 260 ## - Област на издателските данни | |
| 9 (RLIN) | 214613 |
| Място на издаване, разпространение и проч. | София |
| Име на издателя, разпространителя и проч. | Резон България |
| Година на издаване | 2018 |
| Печатница | Spektar.Bg |
| Дата на отпечатване | 2018 |
| 300 ## - Физическа характеристика | |
| Страници | 271 с. |
| Размери/Мащаб | 21 см |
| 380 ## - Жанр | |
| Жанр | Техника |
| 500 ## - Общи забележки | |
| Забележка | Биогр. данни за авт. отбелязани на гърба на кор. |
| 650 #0 - Допълнително описание по предмет – тема | |
| 9 (RLIN) | 329549 |
| Основно описание – тема или топоним | Информационна сигурност |
| 650 #0 - Допълнително описание по предмет – тема | |
| 9 (RLIN) | 300746 |
| Основно описание – тема или топоним | Класифицирана информация |
| 653 #7 - Ключова дума – ненормативна | |
| 9 (RLIN) | 186876 |
| Ключова дума | защита срещу хакери |
| 700 ## - Други автори (авторска отговорност) | |
| Лично име | Александров, Андрей Сашов |
| Автороска отговорност (Описва отношението между автора и произведението) | съавт. |
| 9 (RLIN) | 1445 |
| 700 ## - Други автори (авторска отговорност) | |
| 9 (RLIN) | 1311 |
| Лично име | Димитрова, Елена |
| Автороска отговорност (Описва отношението между автора и произведението) | ред. |
| 852 ## - Местоположение | |
| Форматна сигнатура | Цб 292590 |
| 999 ## - СИСТЕМНИ КОНТРОЛНИ НОМЕРА | |
| Koha biblionumber | 327890 |
| Koha biblioitemnumber | 327890 |
| 942 ## - АРТИКУЛИ | |
| Вид на библиотечния материал | Книги |
| Скрит в OPAC | Не |
| 944 ## - СЪЗДАВАНЕ И РЕДАКЦИЯ на ЗАПИСА | |
| Създаване/Редакция | Създаване |
| Дата на регистрацията/редакция | 2018-12-14 |
| Служител, извършил регистрацията/редакцията | Моника Янева |
| Статус, дата на статуса | 2018-12-14 |
| 999 ## - СИСТЕМНИ КОНТРОЛНИ НОМЕРА | |
| Koha biblioitemnumber | 327890 |
| 999 ## - СИСТЕМНИ КОНТРОЛНИ НОМЕРА | |
| Koha biblioitemnumber | 327890 |
| Код за отписване | Код за изгубен артикул | Източник на класификационната схема | Код за повреда | Коз за рестрикции | Код за отдаване | Артикулен № | Име на библиотеката - собственик | Име на библиотеката, в която се намира в момента | Статус (Текущо местоположение) | Дата на вписване в системата | Местоположение - отдел | Цена в лева | Систематично азбучна сигнатура | Баркод | Цена в евро | Служебен тип на артикула |
|---|---|---|---|---|---|---|---|---|---|---|---|---|---|---|---|---|
| Не е изгубен | Universal Decimal Classification | Не е повреден | без рестрикции | ползва се в читалня | 687245 | Регионална библиотека "Любен Каравелов" Русе | Регионална библиотека "Любен Каравелов" Русе | Хранилище | 2018-12-17 | Хранилище | 46.80 | Цб 292590 | 120000827761 | 23.93 | Книги |